| 000 | 00820nam a22002297a 4500 | ||
|---|---|---|---|
| 005 | 20120523103356.0 | ||
| 008 | 120523t xxu||||| |||| 00| 0 eng d | ||
| 010 | _aENG-105396 | ||
| 020 |
_a9789381851043 _c795.00 |
||
| 035 | _aEN-88929 | ||
| 037 | _bDBAD/PUB | ||
| 040 |
_aDPL _bEng |
||
| 082 | _a338.954 | ||
| 100 |
_aChandra Kant Singh _947698 |
||
| 245 |
_aEconomic growth and alternative development / _cby Chandra Kant Singh |
||
| 260 |
_aDelhi _bLakshya Sahitya _c2012 |
||
| 270 |
_aL-66, Gali No. 4, Naveen Shahadra _bDelhi _e110032 |
||
| 300 |
_aviii,280p. _c23cm(Hb) |
||
| 500 | _aIncludes index | ||
| 942 |
_2ddc _cEN _h338.954 _mCHA |
||
| 999 |
_c67070 _d67070 |
||